000
00308nam a22001217a 4500
003
SGT
082
_a
973
_b
BHA
100
_a
BHADURI REENA
245
_a
SELECTED SPEECHES IN BENGAL LEGISLATIVE ASSEMBLY 1937-1947
260
_a
KOLKATTA
_b
ASUTOSH MOOKERJEE MEMORIAL INSTITUTE
300
_a
256
942
_2
ddc
_c
BK
999
_c
25548
_d
25548